<?xml version="1.0" encoding="UTF-8"?>
<record
    xmlns:xsi="http://www.w3.org/2001/XMLSchema-instance"
    xsi:schemaLocation="http://www.loc.gov/MARC21/slim http://www.loc.gov/standards/marcxml/schema/MARC21slim.xsd"
    xmlns="http://www.loc.gov/MARC21/slim">

  <leader>01962nam a2200289Ii 4500</leader>
  <controlfield tag="001">on1039599785</controlfield>
  <controlfield tag="003">OCoLC</controlfield>
  <controlfield tag="005">20250923114605.0</controlfield>
  <controlfield tag="008">180612s2019    enka          000 0 eng d</controlfield>
  <datafield tag="015" ind1=" " ind2=" ">
    <subfield code="a">GBB8K3368</subfield>
    <subfield code="2">bnb</subfield>
  </datafield>
  <datafield tag="016" ind1="7" ind2=" ">
    <subfield code="a">019116306</subfield>
    <subfield code="2">Uk</subfield>
  </datafield>
  <datafield tag="020" ind1=" " ind2=" ">
    <subfield code="a">1787133192</subfield>
  </datafield>
  <datafield tag="020" ind1=" " ind2=" ">
    <subfield code="a">9781787133198</subfield>
  </datafield>
  <datafield tag="035" ind1=" " ind2=" ">
    <subfield code="a">(OCoLC)1039599785</subfield>
  </datafield>
  <datafield tag="040" ind1=" " ind2=" ">
    <subfield code="a">YDX</subfield>
    <subfield code="b">eng</subfield>
    <subfield code="e">rda</subfield>
    <subfield code="c">YDX</subfield>
    <subfield code="d">BDX</subfield>
    <subfield code="d">UKMGB</subfield>
    <subfield code="d">OCLCO</subfield>
    <subfield code="d">OCLCQ</subfield>
    <subfield code="d">OCLCF</subfield>
    <subfield code="d">ZHI</subfield>
    <subfield code="d">IGA</subfield>
    <subfield code="d">SSH</subfield>
    <subfield code="d">CLE</subfield>
  </datafield>
  <datafield tag="041" ind1=" " ind2=" ">
    <subfield code="a">eng</subfield>
  </datafield>
  <datafield tag="050" ind1=" " ind2="4">
    <subfield code="a">GE196</subfield>
    <subfield code="b">.C55 2019</subfield>
  </datafield>
  <datafield tag="100" ind1=" " ind2=" ">
    <subfield code="a">Chillingsworth, Jen</subfield>
    <subfield code="e">author</subfield>
    <subfield code="9">25749</subfield>
  </datafield>
  <datafield tag="245" ind1="1" ind2="0">
    <subfield code="a">Live green </subfield>
    <subfield code="b">: 52 steps for a more sustainable life </subfield>
    <subfield code="c">/ Jen Chillingsworth ; illustrations by Amelia Flower.</subfield>
  </datafield>
  <datafield tag="264" ind1=" " ind2="1">
    <subfield code="a">London :</subfield>
    <subfield code="b">Quadrille, an imprint of Hardie Grant Publishing,</subfield>
    <subfield code="c">2019.</subfield>
  </datafield>
  <datafield tag="300" ind1=" " ind2=" ">
    <subfield code="a">157 pages :</subfield>
    <subfield code="b">color illustrations ;</subfield>
    <subfield code="c">17 cm.</subfield>
  </datafield>
  <datafield tag="520" ind1=" " ind2=" ">
    <subfield code="a">Many of us are already making efforts to lead a greener lifestyle. We recycle, cut down on waste and plastics, choose organic produce when we shop, eat less meat, and select environmentally friendly cleaning products. Yet we often feel we should be doing more, and it can be daunting to know where to begin. Live Green is a practical guide offering 52 tips and simple changes you can introduce to your home and lifestyle over the course of a year.

Covering every aspect of daily life &#x2013; from your home and garden to cleaning routines, food, fashion, natural beauty, and even Christmas &#x2013; this book provides all the tools you need to live more sustainably. Discover how to adjust everyday habits to let go of environmental guilt and embrace the joys of a slower, simpler life. From making your own eco-friendly cleaning products and enhancing your natural beauty routine to curating a capsule wardrobe and composting, you&#x2019;ll learn how to live with greater intention.

Live simply. Live green.</subfield>
  </datafield>
  <datafield tag="650" ind1=" " ind2="0">
    <subfield code="a">Sustainable living</subfield>
    <subfield code="9">10807</subfield>
  </datafield>
  <datafield tag="650" ind1=" " ind2="0">
    <subfield code="a">Self-reliant living</subfield>
    <subfield code="9">25750</subfield>
  </datafield>
  <datafield tag="700" ind1=" " ind2=" ">
    <subfield code="a">Flower, Amelia</subfield>
    <subfield code="e">illustrator</subfield>
    <subfield code="9">25751</subfield>
  </datafield>
  <datafield tag="942" ind1=" " ind2=" ">
    <subfield code="2">lcc</subfield>
  </datafield>
  <datafield tag="952" ind1=" " ind2=" ">
    <subfield code="0">0</subfield>
    <subfield code="1">0</subfield>
    <subfield code="2">lcc</subfield>
    <subfield code="4">0</subfield>
    <subfield code="7">0</subfield>
    <subfield code="a">TBS</subfield>
    <subfield code="b">TBS</subfield>
    <subfield code="d">2025-08-25</subfield>
    <subfield code="l">2</subfield>
    <subfield code="m">1</subfield>
    <subfield code="o">GE196 CHI</subfield>
    <subfield code="p">B07594</subfield>
    <subfield code="r">2025-12-15</subfield>
    <subfield code="s">2025-12-03</subfield>
    <subfield code="t">1</subfield>
    <subfield code="w">2025-08-25</subfield>
    <subfield code="y">1</subfield>
  </datafield>
  <datafield tag="999" ind1=" " ind2=" ">
    <subfield code="c">4855</subfield>
    <subfield code="d">4855</subfield>
  </datafield>
</record>
